| 000 | 00372nam a22001457a 4500 | ||
|---|---|---|---|
| 999 |
_c15608 _d15608 |
||
| 003 | OSt | ||
| 008 | 190520b ||||| |||| 00| 0 eng d | ||
| 020 | _a9789351248705 | ||
| 082 |
_a664 _bASH/TE |
||
| 100 |
_aAshwani, Kumar _94092 |
||
| 245 | _aTextbook of Fish Production and Hygiene | ||
| 260 |
_anew Delhi _bDaya Publishing House _c2018 |
||
| 300 | _a205 p. | ||
| 942 | _cBK | ||